000 00414nam a2200181Ia 4500
001 3965
005 20260306145721.0
008 260306t2017||||xx |||||||||||||| ||spa||
041 _aESP
082 _a306
_bH22 2017
100 _aHarris, Marvin
_eAUT
245 0 _aAntropologĂ­a cultural
260 _c2017
300 _a655 páginas :
_c18 cm.
650 _aGEN
654 _aCHU
942 _cLIB
_dJUS
_fJUS
_2ddc
_n
999 _c3965
_d3965